La reforma de las empresas de trabajo temporal

Detalles Bibliográficos
Autor principal: Cabeza Periro, Jaime
Formato: Libro
Lenguaje:español
Publicado: Albacete : Bomarzo, 2011
Materias:
Acceso en línea:Acceso restringido

MARC

LEADER 00000nam a2200000 i 4500
005 20120917164055.0
007 cr|||| ||||
008 110914s2011 sp 000 0 spa d
020 |a  978-84-15000-36-5  
035 |a 6677 
040 |a BUS  |d vLex 
090 |c 3424  |d 3424 
100 1 |a Cabeza Periro, Jaime. 
245 1 3 |a La reforma de las empresas de trabajo temporal  |h [Recurso electrn̤ico] /  |c Jaime Cabeza Pereiro 
256 |a Servicio en ln̕ea 
260 |a Albacete :  |b Bomarzo,  |c 2011  
300 |a 1 recurso electrn̤ico 
506 1 |a Contenido solo disponible en los productos indicados  |d vLex Global   |d vLex Global (Academic Edition, excluding Law Schools)   |d vLex Global (U.S. Academic Edition, Law Schools)   |d vLex Global (U.S. Academic Edition, excluding Law Schools)   |d vLex Global (Academic Edition, Law Schools)  
650 0 4 |a Trabajo temporal 
740 0 |a vLex Libros (Servicio en ln̕ea) 
856 4 0 |u http://vlex.com/source/reforma-empresas-trabajo-temporal-6677  |z Acceso restringido 
942 |c BOOK 
999 0 |a Temporary employment